• 首页
  • 本馆介绍
  • 公告通知
  • 最新文献
  • 馆藏检索
  • 电子资源
  • 读者导购
  • 参考咨询
  • 我的图书馆
  • 登录
  • 详细信息显示
  • 放入我的书架
  • 预约/预借图书
  • 作者相关作品
  • 分类相关作品
  • 丛书相关作品
  • 出版社相关作品

书目信息

  • 表格格式
  • 工作单格式
  • 卡片格式
题名:
生物化学及生态学实验技术
    
 
作者: 吕春梅 主编
分册:  
出版信息: 哈尔滨   哈尔滨工业大学出版社  2004
页数: 185页
开本: 23cm
丛书名: 市政与环境工程系列丛书
单 册:
中图分类: Q5-33 , Q14-33 , Q5
科图分类:
主题词: 生物化学--化学实验 , 生态学--实验 , 生物化学 , 化学实验 , 生态学
电子资源:
ISBN: 7-5603-2033-3
000 00997oam2 2200313 450
001 1540076658
005 20150130110851.87
010    @a7-5603-2033-3@dCNY16.00
100    @a20041230d2004 em y0chiy50 ea
101 0  @achi
102    @aCN@b230000
105    @ay z 000yy
200 1  @a生物化学及生态学实验技术@9sheng wu hua xue ji sheng tai xue shi yan ji shu@f吕春梅主编
210    @a哈尔滨@c哈尔滨工业大学出版社@d2004
215    @a185页@d23cm
225 2  @a市政与环境工程系列丛书
330    @a本书主要由生物化学实验和生态学实验两部分组成。介绍了生物化学实验方法和技术原理,生态学实验方面,着重突出环境银子与环境科学的密切关系。
461  0 @12001 @a市政与环境工程系列丛书
606 0  @a生物化学@x化学实验
606 0  @a生态学@x实验
606 0  @a生物化学
606 0  @a化学实验
606 0  @a生态学
690    @aQ5-33@v5
690    @aQ14-33@v5
690    @aQ5@v4
701  0 @a吕春梅@9lv chun mei@c(大学教师)@4主编
801  0 @aCN@bTSSF@c20150130
905    @aZUCC@dQ5@eJY32
    
    生物化学及生态学实验技术/吕春梅主编.-哈尔滨:哈尔滨工业大学出版社,2004
    185页;23cm.-(市政与环境工程系列丛书)
    
    
    ISBN 7-5603-2033-3:CNY16.00
    本书主要由生物化学实验和生态学实验两部分组成。介绍了生物化学实验方法和技术原理,生态学实验方面,着重突出环境银子与环境科学的密切关系。
●
相关链接 在E读中查询图书 在五车中查询图书 在当当中查询图书 在豆瓣中查询图书


正题名:生物化学及生态学实验技术     索取号:Q5/JY32         预约/预借

序号 登录号 条形码 馆藏地/架位号 状态 备注
1 7862034   278620342   学院路分馆/ [索取号:Q5/JY32] 在馆    
2 7862035   278620351   学院路分馆/ [索取号:Q5/JY32] 在馆    
3 7862036   278620360   学院路分馆/ [索取号:Q5/JY32] 在馆    
4 7862037   278620379   学院路分馆/ [索取号:Q5/JY32] 在馆    
唐山师范学院图书馆 欢迎您!
大连网信软件有限公司© 版权所有